Statistics for Overseas departments and territories of France

Click here to take the quiz!

General Stats

  • This quiz has been taken 3,654 times
    (3,653 since last reset)
  • The average score is 7 of 13

Answer Stats

Territory% Correct
French Guiana
86%
Martinique
78%
Réunion
75%
French Polynesia
73%
Guadeloupe
73%
New Caledonia
66%
Mayotte
59%
Saint Martin
59%
Saint Pierre and Miquelon
58%
Wallis and Futuna
44%
Saint Barthélemy
37%
Clipperton Island
23%
French Southern and Antarctic Lands
20%

Score Distribution

Percentile by Number Answered

Percent of People with Each Score

Your Score History

You have not taken this quiz since the last reset